Techniques and methods of organic and organometallic chemistry. V 1 (Record no. 26464)

MARC details
000 -LEADER
fixed length control field 00317nam a2200109Ia 4500
082 ## - DEWEY DECIMAL CLASSIFICATION NUMBER
Classification number 547
Item number DEN.1
245 #0 - TITLE STATEMENT
Title Techniques and methods of organic and organometallic chemistry. V 1
260 ## - PUBLICATION, DISTRIBUTION, ETC. (IMPRINT)
Place of publication New York
Name of publisher Marcel Dekker
Year of publication 1969
700 ## - ADDED ENTRY--PERSONAL NAME
Personal name Denney, Donald B
942 ## - ADDED ENTRY ELEMENTS (KOHA)
Koha item type Books
Holdings
Withdrawn status Lost status Damaged status Not for loan Home library Current library Date acquired Cost, normal purchase price Full call number Accession Number Koha item type
        RRII Library RRII Library 16/12/2021 19.25 547 DEN.1 07097 Books